000 00725nam a2200229Ia 4500
001 16936
003 GE_BSU
008 181216s||||||||xx |||||||||||||| ||und||
040 _cGE_BSU
080 _a821.353.1-32
100 _aგელაშვილი, გიორგი
245 _aმარტოხელა მეზობელი
245 _bმოთხრობები
245 _cრედ.მ.წიკლაური
260 _aთბილისი
260 _bსაბჭ. საქართველო
260 _c1972
300 _a251გვ. ; 20სმ
653 _aმარტოხელა მეზობელი
653 _aმოთხრობები
942 _cBK
999 _c49999
_d49999